000 00262nam a22001097a 4500
082 _a320/SUB
100 _aSubramaniam,N
_981388
245 _aIndian Government And Politics
260 _aDelhi
_bN.K.Pub.
_c2019
650 _aPilitical Science
_938408
942 _cBK
999 _c65392
_d65392